Charles Doré - Hypersensible [paroles] - Statistiques

Statistiques générales
  • Ce quiz a été pris 23 fois
  • Le résultat moyen est 72 sur 118
Statistiques - réponses
Réponse % Correct
de
100%
la
100%
le
100%
les
100%
un
100%
est
92%
hypersensible
92%
je
92%
mon
92%
qui
92%
à
83%
du
83%
et
83%
fort
83%
fragile
83%
j’comprends
83%
loi
83%
me
83%
nous
83%
pas
83%
plus
83%
se
83%
super
83%
tout
83%
avec
75%
ces
75%
c’est
75%
dans
75%
déstabilisent
75%
homme
75%
indélébiles
75%
j’suis
75%
moi
75%
monde
75%
on
75%
pour
75%
que
75%
s’avouer
75%
sont
75%
souvenirs
75%
trésor
75%
au
67%
comme
67%
cour
67%
facile
67%
faiblesse
67%
filles
67%
gars
67%
j’ai
67%
maman
67%
quand
67%
seul
67%
style ?
67%
beau
58%
comment
58%
coups
58%
encaissent
58%
il
58%
j’crois
58%
j’traînais
58%
m’dire
58%
même
58%
non
58%
oui
58%
quart
58%
s’écroule
58%
si
58%
souvent
58%
tour
58%
une
58%
allô
50%
autres
50%
bas
50%
ceux
50%
chavire
50%
cœur
50%
entier
50%
excès
50%
faudrait
50%
font-ils
50%
hauts
50%
mes
50%
navire
50%
puis
50%
qu’ma
50%
tous
50%
aussi
42%
bien
42%
ça
42%
démarre
42%
disent
42%
dites-moi
42%
docteur
42%
émotions
42%
est-ce
42%
fait
42%
grave
42%
incontrôlable ?
42%
j’accueille
42%
j’réagis
42%
malhabile
42%
paraissent
42%
tangue
42%
torrent
42%
chanter
33%
commentaire
33%
coule
33%
depuis
33%
faut
33%
force
33%
larme
33%
soudain
33%
toujours
33%
alléger
25%
musique
25%
sac
25%
venu
25%
viens
17%
Aucun quiz correspondant
Distribution des résultats
% des personnes avec chaque résultat
Percentile par nombre de réponses
Votre historique - résultats
Vous n’avez pas pris ce quiz